00589cam a22001932 4500001001100000005001700011008004100028020001500069040001500084050002100099100003300120245007400153250001300227260005300240300001700293650004800310700003400358852000300392000001920120151217152148.0101019s xx 000 0 eng d a0132050293 aKABUcKABU 0aT58.6b.M35 20071 aMcLeod, Raymond.@000015606610aManagement information systems /cRaymond McLeod, Jr., George Schell. a10th ed. aUpper Saddle River, NJ :bPrentice Hall,cc2007. axxix, 447 p. 0aManagement information systems.@00001482091 aSchell, George P.@00001560671